000 00691nam a22002177a 4500
999 _c172683
_d172683
005 20200211105158.0
010 _aENG-127789
020 _c590.00
_a9789386519092
035 _aEN-111321
037 _bDBAD/PUB
082 _a500
100 _aArumugam,N
245 _aSaras neet physics,chemistry and biology/
_cby N.Arumugam,N.Kanagaraj[and]M.G.Ragunathan
250 _a1st ed.
260 _aTamil Nadu
_bSaras publication
_c2018
270 _a114/35G,A.R.P.Camp Road,Periavilai,Kottar P.O.,Nagercoil
_bKanyakumari Dist.
_e629002
300 _axxiv,;various pages
_c23cm(pbk)
700 _aKanagaraj,N
700 _aM.G.Raghunathan
942 _2ddc
_cEN
_mARU
_h500